Možnosti využitia a budúcnosť distribuovaných operačných systémov diplomová práca

Uložené v:
Podrobná bibliografia
Hlavný autor: Kollerová, Mária
Korporativný autor: Fakulta hospodárskej informatiky EU. Katedra aplikovanej informatiky
Ďalší autori: Jurík, Pavol, 1987-
Médium: Kniha
Jazyk:Slovak
Vydavateľské údaje: Bratislava 2014
Tagy: Pridať tag
Žiadne tagy, Buďte prvý, kto otaguje tento záznam!

MARC

LEADER 00000nbm a2200000 4500
001 0188511
005 20170201103522.7
041 0 |a slo 
044 |a SK 
245 1 0 |a Možnosti využitia a budúcnosť distribuovaných operačných systémov  |b diplomová práca  |c Mária Kollerová ; školiteľ: Pavol Jurík 
264 1 |a Bratislava  |c 2014 
300 |a 62 s. 
100 1 |a Kollerová, Mária 
700 1 |a Jurík, Pavol, 1987- 
710 2 |a Fakulta hospodárskej informatiky EU. Katedra aplikovanej informatiky